ბათუმის შოთა რუსთაველის სახელმწიფო უნივერსიტეტის ბიბლიოთეკა

American literature / (ბიბ.ჩანაწერი № 57524)

000 -LEADER
fixed length control field 01228cam a2200325 a 4500
001 - CONTROL NUMBER
control field 13273745
005 - DATE AND TIME OF LATEST TRANSACTION
control field 20200702115213.0
008 - FIXED-LENGTH DATA ELEMENTS--GENERAL INFORMATION
fixed length control field 030714s2004 nyub b 001 0 eng
010 ## - LIBRARY OF CONGRESS CONTROL NUMBER
LC control number 2003058108
020 ## - INTERNATIONAL STANDARD BOOK NUMBER
International Standard Book Number 0321116232 (v. 1)
020 ## - INTERNATIONAL STANDARD BOOK NUMBER
International Standard Book Number 0321116240 (v. 2)
040 ## - CATALOGING SOURCE
Original cataloging agency DLC
Transcribing agency DLC
Modifying agency DLC
041 ## - LANGUAGE CODE
Language code of text/sound track or separate title eng
043 ## - GEOGRAPHIC AREA CODE
Geographic area code n-us---
050 00 - LIBRARY OF CONGRESS CALL NUMBER
Classification number PS507
Item number .A5753 2004
080 ## - UNIVERSAL DECIMAL CLASSIFICATION NUMBER
Universal Decimal Classification number 821.111(73) A-46
082 00 - DEWEY DECIMAL CLASSIFICATION NUMBER
Classification number 810.8
Edition number 22
245 00 - TITLE STATEMENT
Title American literature /
Statement of responsibility, etc. edited by William E. Cain.
260 ## - PUBLICATION, DISTRIBUTION, ETC.
Place of publication, distribution, etc. New York :
Name of publisher, distributor, etc. Penguin Academics ;
-- Pearson/Longman,
Date of publication, distribution, etc. 2004.
300 ## - PHYSICAL DESCRIPTION
Extent v. <1-2 > :
Other physical details map ;
Dimensions 22 cm.
504 ## - BIBLIOGRAPHY, ETC. NOTE
Bibliography, etc. note Includes bibliographical references and index.
650 #0 - SUBJECT ADDED ENTRY--TOPICAL TERM
Topical term or geographic name entry element American literature.
9 (RLIN) 8454
651 #0 - SUBJECT ADDED ENTRY--GEOGRAPHIC NAME
Geographic name United States
Form subdivision Literary collections.
9 (RLIN) 8455
653 ## - INDEX TERM--UNCONTROLLED
keyword ამერიკული ლიტერატურა
653 ## - INDEX TERM--UNCONTROLLED
keyword მხატვრული ლიტერატურა
700 1# - ADDED ENTRY--PERSONAL NAME
Personal name Cain, William E.,
Dates associated with a name 1952-
Relator term რედაქტორი
9 (RLIN) 8456
906 ## - LOCAL DATA ELEMENT F, LDF (RLIN)
a 7
b cbc
c orignew
d 1
e ocip
f 20
g y-gencatlg
942 ## - ADDED ENTRY ELEMENTS (KOHA)
Source of classification or shelving scheme
Koha item type წიგნი
ეგზემპლარები
Withdrawn status Lost status Source of classification or shelving scheme Damaged status Not for loan Permanent Location Current Location Shelving location Date acquired Cost, normal purchase price Full call number Barcode Date last seen Copy number Price effective from Koha item type Public note
          ბათუმის შოთა რუსთაველის სახელმწიფო უნივერსიტეტის მთავარი ბიბლიოთეკა ბათუმის შოთა რუსთაველის სახელმწიფო უნივერსიტეტის მთავარი ბიბლიოთეკა წიგნსაცავი 2020-07-02 123.00 821.111(73) A-46 60723 2020-07-02 60723 2020-07-02 წიგნი 123 ლ.